| 000 | 00802cam a2200289 a 4500 | ||
|---|---|---|---|
| 005 | 20260322212042.0 | ||
| 008 | data | ||
| 010 | _a 2009037648 | ||
| 020 | _a9780446550284 | ||
| 020 | _a0446550280 | ||
| 040 |
_aDLC _cDLC _dDLC |
||
| 050 | 0 | 0 |
_aHD31 _b.P669 2010 |
| 082 | 0 | 0 |
_a658 _222 |
| 092 | _a658 P669 2010 | ||
| 100 | 1 | _aPreis, Michael W. | |
| 245 | 1 | 0 |
_a101 things I learned in business school / _cMichael W. Preis & Matthew Frederick. |
| 246 | 3 | _aOne hundred one things I learned in business school | |
| 250 | _a1st ed. | ||
| 260 |
_aNew York : _bGrand Central Pub., _c2010. |
||
| 300 |
_a101 p. : _bill. ; _c14 x 19 cm. |
||
| 650 | 0 | _aManagement. | |
| 650 | 0 | _aFinance. | |
| 650 | 0 | _aCommerce. | |
| 650 | 0 |
_aBusiness _xStudy and teaching. |
|
| 700 | 1 | _aFrederick, Matthew. | |
| 001 | data | ||
| 999 |
_c983 _d983 |
||